Mini Sudoku IV Quiz Stats

 Plays Quiz Updated Mar 17, 2020

Support Sporcle.
Go Orange.
Score 0/10 Timer 03:00
6 Plays Today
% Correct
4
96%
4
95.5%
1
95.2%
1
94.6%
3
94%
1
93.8%
3
93.7%
2
92.7%
4
91.5%
2
88.4%

From the Vault

'T' Vocabulary (Medium)

by beforever

We never realized just how many Mexican foods started with T. Tacos, Tortillas, Tamales, the list goes on and on.
Remove Ads.
Support Sporcle.
Get the best of Sporcle when you Go Orange. This ad-free experience offers more features, more stats, and more fun while also helping to support Sporcle. Thank you for becoming a member.

Show Comments

Extras

Top Quizzes Today


Score Distribution

Your Account Isn't Verified!

In order to create a playlist on Sporcle, you need to verify the email address you used during registration. Go to your Sporcle Settings to finish the process.

Report this User

Report this user for behavior that violates our Community Guidelines.

Details: